LIBRARY & INFORMATION CENTRE, KCAET, TAVANUR

ONLINE PUBLIC ACCESS CATALOGUE (OPAC)

Agricultural drainage: principles and practices (Record no. 13658)

MARC details
000 -LEADER
fixed length control field 00395nam a22001577a 4500
020 ## - INTERNATIONAL STANDARD BOOK NUMBER
ISBN 9788185873350
082 ## - DEWEY DECIMAL CLASSIFICATION NUMBER
Classification number 631.587
Item number KAD/AG
100 ## - MAIN ENTRY--AUTHOR NAME
Personal name Kadam, U.S
245 ## - TITLE STATEMENT
Title Agricultural drainage: principles and practices
260 ## - PUBLICATION, DISTRIBUTION, ETC. (IMPRINT)
Place of publication New Delhi
Name of publisher Westville Publishing House
Year of publication 2008
300 ## - PHYSICAL DESCRIPTION
Number of Pages 540
700 ## - ADDED ENTRY--PERSONAL NAME
Personal name Thokal, R.T
700 ## - ADDED ENTRY--PERSONAL NAME
Personal name Gorantiwar, S.D
700 ## - ADDED ENTRY--PERSONAL NAME
Personal name Powar, A.G
942 ## - ADDED ENTRY ELEMENTS (KOHA)
Koha item type Reference
Holdings
Withdrawn status Lost status Damaged status Collection code Home library Current library Shelving location Date acquired Source of acquisition Cost, normal purchase price Full call number Accession Number Koha item type
      Reference KAUAET KAUAET Reference 31/03/2012 Universal Research Books, Thrissur 1800.00 631.587 KAD/AG 22581 Reference
free website counter